000 00595nam a2200277Ia 4500
005 20260401122229.0
008 008 250103s9999 xx 000 0 eng d
020 _a521775280
037 _aTB
040 _aEDL
040 _beng
040 _cEDL
041 _2eng
041 _aeng
084 _a871.01 HAR
084 _qEDL
245 0 _aCambridge Companion to Ovid
260 _aCambridge
260 _bCambridge University Press
260 _c2002
300 _a408p
942 _cTB
942 _h871.01 HAR
999 _c1845815
_d1845815